Largest British Birds by Wingspan - Statistics

General Stats
  • This quiz has been taken 15 times
    5 since last reset
  • The average score is 8 of 10
Answer Stats
Wingspan (m) Wingspan (feet) Answer % Correct
1.8-2.4 5'11''-7'10'' Common Crane
100%
1.8-2.3 5'11''-7'7'' Golden Eagle
100%
1.6-2 5'3''-6'6'' Grey Heron
100%
2-2.4 6'6''-7'10'' Mute Swan
100%
2-2.4 6'6''-7'10'' White-Tailed Eagle
100%
2-2.8 6'6''-9'2'' Whooper Swan
100%
1.7-2 5'7''-6'6'' Bewick's Swan
67%
1.5-1.8 4'11''-5'11'' Osprey
67%
1.8-2 5'11''-6'6'' Red Kite
67%
1.6-1.8 5'3''-5'11'' Gannet
33%
No matching quizzes found
Score Distribution
Percent of People with Each Score
Percentile by Number Answered
Your Score History
You have not taken this quiz since the last reset